[Event "AUTO-BEG-244"]
[Site "http://www.queenalice.com/game.php?id=452295"]
[Date "2008.8.23"]
[Round "1"]
[White "kuspirov"]
[Black "franzjonas"]
[Result "1-0"]
[WhiteElo "1359"]
[BlackElo "1125"]

1. d4 d5 2. c4 b6 3. Nc3 Bb7 4. Bf4 Nf6 5. e3 Nc6 6. a3 g6 7. Nf3 h6 8. Bd3 Bg7
9. b4 e6 10. Nb5 e5 11. dxe5 Nd7 12. O-O Bxe5 13. Nxe5 Ncxe5 14. h3 O-O 15. Bxh6
Re8 16. Bc2 Nxc4 17. Qd4 Nce5 18. f4 Qh4 19. Nxc7 Qxh6 20. Nxe8 Rxe8 21. Ba4 f6
22. fxe5 fxe5 23. Qg4 Qxe3+ 24. Kh2 Bc8 25. Qxg6+ Kh8 26. Qxe8+ Kh7 27. Qe7+ Kg6
28. Qf7+ Kg5 29. Rf5+ 1-0

[Event "AUTO-BEG-244"]
[Site "http://www.queenalice.com/game.php?id=452300"]
[Date "2008.8.23"]
[Round "1"]
[White "Nica_Pinica"]
[Black "kuspirov"]
[Result "0-1"]
[WhiteElo "905"]
[BlackElo "1314"]

1. c4 Nf6 2. d4 g6 3. Qd3 Bg7 4. Bg5 O-O 5. e4 d6 6. Bf4 c6 7. Nc3 Nbd7 8. Nf3
b6 9. Be2 c5 10. d5 Ng4 11. O-O Bxc3 12. Qxc3 Nde5 13. a4 f5 14. Ra3 fxe4 15.
Nxe5 Rxf4 16. Qg3 Qf8 17. Nxg6 hxg6 18. Bxg4 Bxg4 19. b3 Qf5 20. a5 bxa5 21.
Rxa5 Bf3 22. Ra6 Bxg2 23. Qxg2 Rg4 24. Rc6 Rxg2+ 25. Kxg2 Qg4+ 26. Kh1 Qf3+ 27.
Kg1 Qxb3 28. Rc7 Kf7 29. h4 Qh3 30. f3 Rh8 31. fxe4+ Ke8 32. Rxa7 Qg3+ 33. Kh1
Rxh4# 0-1

[Event "AUTO-BEG-244"]
[Site "http://www.queenalice.com/game.php?id=452301"]
[Date "2008.8.23"]
[Round "1"]
[White "kuspirov"]
[Black "Nica_Pinica"]
[Result "1-0"]
[WhiteElo "1268"]
[BlackElo "867"]

1. d4 e6 2. c4 c6 3. Nc3 d6 4. e4 Be7 5. Nf3 Bf6 6. Bd3 Nh6 7. Bf4 Ng4 8. h3 Nh6
9. Qd2 O-O 10. Bxh6 gxh6 11. Qxh6 Bxd4 12. Ng5 Bf6 13. Qxh7# 1-0

[Event "AUTO-OPEN-1244"]
[Site "http://www.queenalice.com/game.php?id=454870"]
[Date "2008.8.28"]
[Round "1"]
[White "drowzee1872"]
[Black "kuspirov"]
[Result "1-0"]
[WhiteElo "1713"]
[BlackElo "1318"]

1. e4 e5 2. Nf3 Nc6 3. Bc4 Bc5 4. c3 a6 5. d4 exd4 6. cxd4 Ba7 7. Qb3 Qf6 8. Bg5
Qg6 9. Nbd2 d6 10. Bd3 Nge7 11. O-O Nxd4 12. Nxd4 Qxg5 13. N4f3 Qc5 14. Rac1 Qb6
15. Ng5 O-O 16. e5 dxe5 17. Bxh7+ Kh8 18. Qd3 g6 19. Qg3 Qxb2 20. Rxc7 Nc6 21.
Rxf7 Rxf7 22. Nxf7+ Kxh7 23. Ng5+ Kg8 24. Qh4 Kf8 25. Qh7 Nd8 26. Nc4 Qxa2 27.
Qh8+ Ke7 28. Qxe5+ Ne6 29. Qd6+ Kf6 30. Nh7+ Kf7 31. Ne5+ Kg7 32. Qe7+ Kh6 33.
Ng4+ Kh5 34. Nhf6+ Kg5 35. h4+ Kf5 36. Nh6+ Ke5 37. Re1+ Kf4 38. Re4# 1-0

[Event "AUTO-OPEN-1244"]
[Site "http://www.queenalice.com/game.php?id=454884"]
[Date "2008.8.28"]
[Round "1"]
[White "fafaducarmo"]
[Black "kuspirov"]
[Result "1-0"]
[WhiteElo "1594"]
[BlackElo "1295"]

1. d4 Nf6 2. c4 g6 3. Nc3 Bg7 4. e4 d6 5. Be3 O-O 6. Bd3 c6 7. h3 Nbd7 8. Nge2
e5 9. d5 Qa5 10. Bd2 a6 11. a3 c5 12. b4 Qc7 13. b5 axb5 14. Nxb5 Qb6 15. a4 Qd8
16. Nxd6 b6 17. Nxc8 Rxc8 18. O-O Ra8 19. f4 Qc7 20. f5 Qd6 21. a5 Ra6 22. fxg6
fxg6 23. Bg5 Rxa5 24. Rxa5 bxa5 25. Qa4 h6 26. Bh4 Nb6 27. Qxa5 Ra8 28. Qd2 g5
29. Be1 Nh5 30. Ng3 Nxg3 31. Bxg3 1-0

[Event "AUTO-OPEN-1244"]
[Site "http://www.queenalice.com/game.php?id=454885"]
[Date "2008.8.28"]
[Round "1"]
[White "kuspirov"]
[Black "fafaducarmo"]
[Result "0-1"]
[WhiteElo "1299"]
[BlackElo "1590"]

1. d4 Nf6 2. c4 g6 3. Nc3 Bg7 4. Bf4 c6 5. e4 d6 6. h3 Nbd7 7. Bd3 a6 8. Nf3 O-O
9. Qc2 Re8 10. d5 c5 11. O-O-O e5 12. Bg5 Qc7 13. Kb1 h6 14. Be3 Nh7 15. g4 g5
16. h4 f6 17. hxg5 fxg5 18. Nd2 Ndf6 19. Nb3 Nxg4 20. Qe2 Nxe3 21. Qxe3 Nf6 22.
Rdg1 Ng4 23. Qe2 b6 24. f3 Nf6 25. Nd2 b5 26. cxb5 axb5 27. Nxb5 Qa5 28. Na3 Ba6
29. Nb3 Qc7 30. Bxa6 Reb8 31. Bc4 Qb6 32. Qg2 Kf7 33. Bb5 Rxa3 0-1

[Event "AUTO-INT-1025"]
[Site "http://www.queenalice.com/game.php?id=458161"]
[Date "2008.9.4"]
[Round "1"]
[White "davi21"]
[Black "kuspirov"]
[Result "1-0"]
[WhiteElo "1703"]
[BlackElo "1338"]

1. d4 f5 2. Nf3 Nf6 3. Nc3 g6 4. Bg5 Bg7 5. Bxf6 Bxf6 6. e3 O-O 7. Nd5 c6 8.
Nxf6+ exf6 9. c3 d5 10. Qb3 Qe7 11. c4 a5 12. cxd5 cxd5 13. Qxd5+ 1-0

[Event "AUTO-INT-1025"]
[Site "http://www.queenalice.com/game.php?id=458162"]
[Date "2008.9.4"]
[Round "1"]
[White "kuspirov"]
[Black "davi21"]
[Result "0-1"]
[WhiteElo "1336"]
[BlackElo "1705"]

1. d4 d5 2. c4 Nf6 3. Nc3 h6 4. Bf4 e6 5. Nf3 dxc4 6. e4 b5 7. Nxb5 Ba6 8. Nxc7+
Ke7 9. Nxa8 Qd7 10. Bxb8 Qb7 11. Nc7 Nxe4 12. Qc2 Bb5 13. Bxc4 Bxc4 14. Qxc4
Qxb2 0-1

[Event "AUTO-INT-1025"]
[Site "http://www.queenalice.com/game.php?id=458174"]
[Date "2008.9.4"]
[Round "1"]
[White "kuspirov"]
[Black "montelo"]
[Result "0-1"]
[WhiteElo "1356"]
[BlackElo "1521"]

1. d4 c6 2. e4 e6 3. c4 Qh4 4. Nf3 Qxe4+ 5. Be3 Bb4+ 6. Nfd2 Nf6 7. Nc3 Bxc3 8.
bxc3 Qg6 9. Qf3 Qc2 10. Be2 Qxc3 11. O-O b6 12. Rfc1 Qa3 13. Bg5 Qe7 14. Bxf6
gxf6 15. Ne4 f5 16. Ng3 Bb7 17. c5 d6 18. cxb6 axb6 19. Qf4 Ra4 20. Re1 e5 21.
Qh6 f4 22. Ne4 Rxd4 23. f3 Na6 24. Nf6+ Kd8 25. Qh4 Nb4 26. Rab1 Nc2 27. Rec1
Rd2 28. Rxb6 Rxe2 29. Rxb7 Qxb7 30. Nd5+ Ke8 31. Nf6+ Kd8 32. Nxh7+ Qe7 0-1

[Event "AUTO-INT-1025"]
[Site "http://www.queenalice.com/game.php?id=458179"]
[Date "2008.9.4"]
[Round "1"]
[White "limenho"]
[Black "kuspirov"]
[Result "1-0"]
[WhiteElo "1500"]
[BlackElo "1359"]

1. d4 f5 2. c4 Nf6 3. Nc3 g6 4. Bg5 Bg7 5. Nf3 O-O 6. Bxf6 Bxf6 7. e4 fxe4 8.
Nxe4 d5 9. Nxf6+ Rxf6 10. c5 Bg4 11. Be2 Qf8 12. Qb3 c6 13. h3 Bxf3 14. Bxf3
Re6+ 15. Be2 Nd7 16. Qxb7 Rb8 17. Qxd7 Qf6 18. O-O Rxe2 19. Rae1 Rbxb2 20. Rxe2
Rxe2 21. Qxa7 Qxd4 22. Qa8+ Kg7 23. Qxc6 Rxa2 24. Qc7 Kf7 25. c6 Ra7 26. Qb8 Qc5
27. Qf4+ Kg7 28. Rc1 Qb6 29. c7 Rxc7 30. Rxc7 Qb1+ 31. Kh2 Qf5 32. Qxf5 gxf5 33.
Rxe7+ Kf6 34. Rxh7 d4 35. Rd7 Ke5 36. Kg3 Ke4 37. h4 Kd3 38. h5 1-0

[Event "AUTO-INT-1025"]
[Site "http://www.queenalice.com/game.php?id=458180"]
[Date "2008.9.4"]
[Round "1"]
[White "kuspirov"]
[Black "limenho"]
[Result "0-1"]
[WhiteElo "1338"]
[BlackElo "1975"]

1. d4 Nf6 2. c4 g6 3. Nc3 Bg7 4. e4 d6 5. Be3 O-O 6. h3 e5 7. d5 c6 8. Bd3 Na6
9. Nf3 Bd7 10. b3 Nc7 11. Qd2 b5 12. Bh6 bxc4 13. bxc4 Na6 14. a3 Nc5 15. Be3
Nxd3+ 16. Qxd3 c5 17. Nb5 Bc8 18. O-O a6 19. Nc3 Nh5 20. Bg5 f6 21. Be3 f5 22.
Ng5 f4 23. Ne6 Bxe6 24. dxe6 fxe3 25. fxe3 Rxf1+ 26. Rxf1 Nf6 27. Nd5 Ra7 28.
Nxf6+ Bxf6 29. Qd5 Kg7 30. Rf3 Re7 31. Qc6 a5 32. Rf2 Qc7 33. Qd5 Re8 34. Rd2
Rd8 35. Rb2 Rb8 36. Rxb8 Qxb8 37. g4 Be7 38. Qd2 Qb1+ 39. Kh2 Qxe4 40. Qf2 Bf6
41. g5 Qf5 0-1

[Event "AUTO-OPEN-1252"]
[Site "http://www.queenalice.com/game.php?id=458207"]
[Date "2008.9.4"]
[Round "1"]
[White "montelo"]
[Black "kuspirov"]
[Result "1-0"]
[WhiteElo "1530"]
[BlackElo "1347"]

1. e4 e5 2. Nc3 Bc5 3. Qf3 Qf6 4. Nd5 Qxf3 5. Nxf3 d6 6. Nxc7+ Kd7 7. Nxa8 Nf6
8. Bc4 Nc6 9. Bxf7 Ng4 10. Ke2 Nxf2 11. Rf1 Nxe4 12. d3 Rf8 13. Ng5 Nd4+ 14. Kd1
Nxg5 15. Bxg5 h6 16. Bxh6 Ke7 17. Bg5+ Kd7 18. Be6+ Nxe6 19. Rxf8 Nxf8 20. Kd2
Ne6 21. h4 Nxg5 22. hxg5 b6 23. Rh1 Bb7 24. Rh8 Bxg2 25. Rg8 Kc6 26. Rxg7 b5 27.
Nc7 Bd4 28. c3 Bb6 29. Ne6 Bd5 30. Re7 Bxa2 31. g6 1-0

[Event "AUTO-OPEN-1252"]
[Site "http://www.queenalice.com/game.php?id=458208"]
[Date "2008.9.4"]
[Round "1"]
[White "kuspirov"]
[Black "montelo"]
[Result "0-1"]
[WhiteElo "1366"]
[BlackElo "1511"]

1. d4 c6 2. e4 Nf6 3. Bd3 d5 4. e5 Ne4 5. Bf4 e6 6. Nd2 Qh4 7. g3 Qe7 8. Qe2 Qb4
9. Bxe4 dxe4 10. Qxe4 Qxb2 11. Rb1 Qxa2 12. Ne2 Bb4 13. O-O Bxd2 14. Bxd2 f5 15.
exf6 gxf6 16. Nf4 f5 17. Qe5 Rf8 18. Nh5 Nd7 19. Qxe6+ Qxe6 20. Ng7+ Ke7 21.
Nxe6 Kxe6 22. Rfe1+ Kf6 23. c4 Nb6 24. c5 Nc4 25. Bc3 Na3 26. Rbc1 Kf7 27. f4 b5
28. cxb6 axb6 29. Bb4 Rd8 30. Re7+ Kg8 31. Rxc6 Rd7 32. Re8+ Kf7 0-1

[Event "AUTO-OPEN-1252"]
[Site "http://www.queenalice.com/game.php?id=458229"]
[Date "2008.9.4"]
[Round "1"]
[White "ozimandias"]
[Black "kuspirov"]
[Result "1-0"]
[WhiteElo "1328"]
[BlackElo "1287"]

1. e4 e5 2. Nf3 Nc6 3. Bb5 d6 4. O-O Bg4 5. Bxc6+ bxc6 6. Qe2 Qf6 7. d4 Bxf3 8.
Qd3 Qg6 9. Qxf3 Nf6 10. dxe5 dxe5 11. Qf5 Qxf5 12. exf5 Bd6 13. Bg5 1-0

[Event "AUTO-OPEN-1252"]
[Site "http://www.queenalice.com/game.php?id=458230"]
[Date "2008.9.4"]
[Round "1"]
[White "kuspirov"]
[Black "ozimandias"]
[Result "0-1"]
[WhiteElo "1273"]
[BlackElo "1337"]

1. c4 c5 2. Nc3 Nf6 3. b3 e5 4. Bb2 Be7 5. Qc2 O-O 6. e3 d5 7. O-O-O dxc4 8.
Bxc4 Bg4 9. f3 Bh5 10. g4 e4 11. gxh5 Nxh5 12. d4 Nc6 13. dxc5 Qa5 0-1

[Event "AUTO-OPEN-1252"]
[Site "http://www.queenalice.com/game.php?id=458241"]
[Date "2008.9.4"]
[Round "1"]
[White "flopp"]
[Black "kuspirov"]
[Result "1-0"]
[WhiteElo "1349"]
[BlackElo "1359"]

1. e4 e5 2. Nf3 Nc6 3. Bb5 d6 4. d4 Bd7 5. Bxc6 Bxc6 6. Nc3 g6 7. dxe5 dxe5 8.
Nxe5 Qxd1+ 9. Kxd1 O-O-O+ 10. Ke2 Be8 11. Be3 Bg7 12. f4 f6 13. Nd3 Bc6 14. Rhd1
Ne7 15. Rab1 f5 16. Nc5 Rxd1 17. Rxd1 Bxc3 18. bxc3 Bxe4 19. Nxe4 fxe4 20. c4
Nf5 21. g3 Rd8 22. Rxd8+ Kxd8 23. c5 b5 24. cxb6 axb6 25. Kd2 Kd7 26. g4 Nd6 27.
Kc3 c5 28. a4 Kc6 29. h4 Kd5 30. Bf2 c4 31. Bxb6 h5 32. gxh5 gxh5 33. a5 Nf5 34.
a6 Kc6 35. a7 Kb7 36. Kxc4 e3 37. Kd3 Nxh4 38. Kxe3 Nf5+ 39. Kf3 h4 40. Kg4 1-0